Riconosci il Pokémon - Quiz n°164 - Statistics

Statistiche generali
  • Questo quiz è stato fatto 1 volte
  • Il punteggio medio è 10 su 10
Statistiche sulle risposte
Indizio Risposta % Corretto
Peso 139,0 kg
100%
Altezza 1,6 m
100%
Tasso di cattura 45 (11.9%)
100%
Sesso 50% ♂, 50% ♀
100%
Abilità Cartavetro; Forzabruta; Rompiforma
100%
Tipo Drago
100%
Pokémon Druddigon
100%
Tasso di allevamento Medio-Veloce
100%
Stadio evoluzione Non si evolve
100%
Generazione Quinta
100%
Nessun quiz corrispondente trovato
Distribuzione punteggi
Percentuale di utenti per punteggio
Percentile per numero di risposta
I tuoi punteggi nel tempo
Non hai fatto questo quiz